20th Century physics (Record no. 265138)
[ view plain ]
| 000 -LEADER | |
|---|---|
| fixed length control field | 00264 a2200133 4500 |
| 001 - CONTROL NUMBER | |
| control field | 30065 |
| 010 ## - LIBRARY OF CONGRESS CONTROL NUMBER | |
| LC control number | 26109 |
| 082 ## - DEWEY DECIMAL CLASSIFICATION NUMBER | |
| Classification number | 539NOR |
| 090 ## - LOCALLY ASSIGNED LC-TYPE CALL NUMBER (OCLC); LOCAL CALL NUMBER (RLIN) | |
| -- | 20016 |
| -- | 20016 |
| 100 ## - MAIN ENTRY--PERSONAL NAME | |
| Personal name | Norwood |
| 245 ## - TITLE STATEMENT | |
| Title | 20th Century physics |
| 260 ## - PUBLICATION, DISTRIBUTION, ETC. | |
| Name of publisher, distributor, etc. | Prentice Hall |
| 856 ## - ELECTRONIC LOCATION AND ACCESS | |
| Materials specified | 26109 |
| 942 ## - ADDED ENTRY ELEMENTS (KOHA) | |
| Institution code [OBSOLETE] | NUST-CAE |
| Call number prefix | 539NOR |
| Withdrawn status | Lost status | Damaged status | Not for loan | Collection code | Permanent Location | Current Location | Date acquired | Total Checkouts | Full call number | Barcode | Date last seen | Price effective from | Koha item type |
|---|---|---|---|---|---|---|---|---|---|---|---|---|---|
| College of Aeronautical Engineering (CAE) | College of Aeronautical Engineering (CAE) | 04/03/2017 | 539NOR | CAE26109 | 04/05/2017 | 04/05/2017 | Book | ||||||
| College of Aeronautical Engineering (CAE) | College of Aeronautical Engineering (CAE) | 04/03/2017 | 539NOR | CAE621.38153 | 04/05/2017 | 04/05/2017 | Book |
